000 01245nam a2200373 i 4500
001 12600
003 KOSZ 005
005 20210428091159.0
008 070712s1970 pl a f 001 0 pol
015 _aPB 1970/7140
040 _aWA N
_cWA N
_dKOSZ 005/RW
_dKOSZ 005/HR
046 _k1970
080 _a 628.517.2
080 _a534.83
080 _a613.6
100 1 _aPuzyna, Czesław
_d(1920-2003)
_eAutor
245 1 0 _aZwalczanie hałasu w przemyśle :
_bzasady ogólne /
_cCzesław Puzyna.
260 _aWarszawa :
_bWydawnictwa Naukowo-Techniczne,
_c1970.
300 _a303, [1] strony :
_bilustracje, errata ;
_c25 cm.
336 _aTekst
_btxt
_2rdacontent
337 _aBez urządzenia pośredniczącego
_bn
_2rdamedia
338 _aWolumin
_bnc
_2rdacarrier
380 _aKsiążki.
388 _a1901-2000
504 _aBibliografia na stronach 292-[298]. Indeks.
650 4 _aZwalczanie
658 _aInżynieria i technika
650 4 _aPrzemysł
650 4 _aHałas
650 4 _aBHP
710 2 _aWydawnictwa Naukowo-Techniczne
_4pbl.
856 _uhttp://koha.tu.koszalin.pl/cgi-bin/koha/opac-detail.pl?biblionumber=12600
_yKatalog online BPK
942 _2UKD
_cKS
999 _c12600
_d12600